| 000 | 00522nam a2200181Ia 4500 | ||
|---|---|---|---|
| 003 | OSt | ||
| 005 | 20251230125457.0 | ||
| 008 | 210210b1955 xxu||||| |||| 00| 0 eng d | ||
| 040 | _cAL | ||
| 041 | _aKannada | ||
| 082 | _a859/2142 | ||
| 100 |
_aSITATARAMAYYA (M V) _9158248 _dಸೀತಾರಾಮಯ್ಯ (ಎಂ ವಿ) |
||
| 245 |
_aKunkuma bhagya: _bಕುಂಕುಮ ಭಾಗ್ಯ |
||
| 260 |
_aBengaluru _bUsha Sahitya Male _c1955 |
||
| 690 |
_aKannada Fiction _9158249 |
||
| 906 | _a022855 | ||
| 942 |
_2ddc _cBK |
||
| 999 |
_c147514 _d147514 |
||